000 00805nam a2200253Ia 4500
003 OSt
005 20220930072837.0
006 a|||||r|||| 00| 0
007 ta
008 220926b |||||||| |||| 00| 0 eng d
024 _a25598
037 _cTheses
040 _aCRL
_cCRL
_beng
041 _2eng
_aeng
100 _aDey Arijit
_9530550
110 _aUniversity of Delhi. Faculty of Science. Department of Geology
245 0 _aStudy of sedimentary and associated rocks of Gwalior, Madhya Pradesh with special reference to their geotechnical behaviour.
260 _c1999
650 _aGEOLOGY
700 _a Jhigran Vinaya
_9530551
700 _aUniversity of Delhi. Faculty of Science. Department of Geology
942 _cDIS
_2CC
999 _c864380
_d864380